000
00319nam a2200133Ia 4500
005
20260326235448.0
008
260326s9999||||xx |||||||||||||| ||und||
100
_a
Ward, Barbara
245
4
_a
The Home of man /
_c
Barbara Ward
260
_b
McClelland
300
_a
297 p.
650
_a
ARQUITECTURA-GENERAL
942
_c
BK
999
_c
7658
_d
7658